Sladký život (s príchuťou horkosti)

Slovenský cukrovarnícky spolok má sebou ťažké roky a dnes znova musí bojovať o zachovanie výroby a pracovných miest. Vývoj výroby cukru na Slovensku doplatil a stále dopláca na spoločnú poľnohospodársku politiku EÚ - tak ako je to aj pri ďalších komoditách.

Salvato in:
Dettagli Bibliografici
Natura: Capitolo di libro
Lingua:slovacco
Soggetti:
Tags: Aggiungi Tag
Nessun Tag, puoi essere il primo ad aggiungerne!!

MARC

LEADER 00000naa a2200000 4500
001 0184607
005 20231109070943.3
041 0 |a slo 
044 |a SK 
245 1 0 |a Sladký život (s príchuťou horkosti) 
520 |a Slovenský cukrovarnícky spolok má sebou ťažké roky a dnes znova musí bojovať o zachovanie výroby a pracovných miest. Vývoj výroby cukru na Slovensku doplatil a stále dopláca na spoločnú poľnohospodársku politiku EÚ - tak ako je to aj pri ďalších komoditách. 
610 2 0 |a cukrovarníctvo 
610 2 0 |a cukor 
610 2 0 |a Slovensko